000 00726nam a2200289Ia 4500
005 20260324134448.0
008 008 260324s9999 xx 000 0 eng d
020 _a9781315187105
037 _aEBOOK
040 _aCRL
040 _beng
040 _cCRL
041 _2eng
041 _aeng
084 _qCRL
100 _aJohn. O Adeoti
_91196901
245 0 _aTechnology and the Environment in Sub-Saharan Africa
245 0 _bEmerging Trends in the Nigerian Manufacturing Industry
260 _bTaylor and Francis
260 _c2002
365 _a
365 _b205
856 _uhttp://www.taylorfrancis.com/books/9781315187105
942 _cEBOOK
999 _c1797032
_d1797032